| 000 | 01029nam a2200181Ia 4500 | ||
|---|---|---|---|
| 008 | 151202s9999||||xx |||||||||||||| ||und|| | ||
| 082 | _bPNVM-73744 | ||
| 100 | _aहंप्रस प्रतिभा. | ||
| 245 | _a1501 अनमोल सुविचारांचा संग्रह-जगप्रसिद्ध व्यक्तींचे निवडक सुविचार. | ||
| 260 | _bसाकेत प्रकाशन औरंगाबाद. | ||
| 260 | _c73744 | ||
| 300 | _a152 | ||
| 600 | _aहंप्रस प्रतिभा. | ||
| 630 | _a1501 अनमोल सुविचारांचा संग्रह-जगप्रसिद्ध व्यक्तींचे निवडक सुविचार. | ||
| 700 | _aहंप्रस प्रतिभा. | ||
| 730 | _a1501 अनमोल सुविचारांचा संग्रह-जगप्रसिद्ध व्यक्तींचे निवडक सुविचार. | ||
| 942 | _cBOOK | ||
| 999 |
_c1340407 _d1340404 |
||